| 000 | 01907nam0a2200325 4500 | ||
|---|---|---|---|
| 001 | RU\NLR\BIBL_A\011914648 | ||
| 005 | 20190205104027.0 | ||
| 010 |
_a978-5-7731-0597-8 _9350 |
||
| 021 |
_aRU _bКН-П-18-095940 _9КН-П-18-6955 |
||
| 035 | _a(NLR Aleph) 011914648 | ||
| 035 | _a(RuMoRGB)009839152 | ||
| 090 |
_a10955958 _c10955958 |
||
| 100 | _a20190122d2018 u y0rusy50 ca | ||
| 101 | 0 | _arus | |
| 102 | _aRU | ||
| 105 | _aa j 000zy | ||
| 200 | 1 |
_aТехническая механика _eучебное пособие _e[для студентов первого курса направления подготовки бакалавров 15.03.04 "Автоматизация технологических процессов и производств", 27.03.02 "Управление качеством"] _fР. А. Жилин, В. А. Жулай, Ю. Б. Рукин _gМинистерство образования и науки Российской Федерации, ФГБОУ ВО "Воронежский государственный технический университет" |
|
| 210 |
_aВоронеж _cВоронежский государственный технический университет _d2018 |
||
| 215 |
_a170 с. _cил., табл. _d21 |
||
| 320 | _aБиблиогр.: с. 167-168 (19 назв.) | ||
| 606 | 1 |
_aТехническая механика _jУчебные издания для высших учебных заведений _2nlr_sh1 _2nlr_sh2 _3RU\NLR\AUTH\661308143 |
|
| 686 | 1 | _aЖ12я73-1 | |
| 700 | 1 |
_aЖилин _bР. А. _gРоман Анатольевич |
|
| 701 | 1 |
_aЖулай _bВ. А. _gВладимир Алексеевич |
|
| 701 | 1 |
_aРукин _bЮ. Б. _gЮрий Борисович |
|
| 942 | _cBOOK | ||
| 980 | _aNBR | ||
| 980 | _aNB | ||